[Event "Stay Safe Play From Home 278"]
[Site "Emanuel Lasker Arena"]
[Date "2020.07.05"]
[Round "3"]
[White "The Next Contender"]
[Black "Bardellosport"]
[Result "1-0"]
[WhiteElo "2017"]
[BlackElo "1939"]
[PlyCount "131"]
[EventDate "2020.07.05"]
[EventType "swiss (blitz)"]

1. d4 {[%emt 0:00:01]} d6 {[%emt 0:00:00]} 2. c4 {[%emt 0:00:01]} Nd7 {[%emt 0:00:00]} 3. g3 {[%emt 0:00:01]} Ngf6 {[%emt 0:00:00]} 4. Bg2 {[%emt 0:00:00]} e5 {[%emt 0:00:00]} 5. Nf3 {[%emt 0:00:00]} Be7 {[%emt 0:00:01]} 6. O-O {[%emt 0:00:01]} Kf8 {[%emt 0:00:01]} 7. e3 {[%emt 0:00:00]} g6 {[%emt 0:00:01]} 8. Nc3 {[%emt 0:00:01]} Kg7 {[%emt 0:00:00]} 9. e4 {[%emt 0:00:01]} c6 {[%emt 0:00:01]} 10. d5 {[%emt 0:00:01]} c5 {[%emt 0:00:01]} 11. Nd2 {[%emt 0:00:01]} Qc7 {[%emt 0:00:01]} 12. f4 {[%emt 0:00:00]} a6 {[%emt 0:00:01]} 13. b3 {[%emt 0:00:01]} Rb8 {[%emt 0:00:01]} 14. Bb2 {[%emt 0:00:00]} h5 {[%emt 0:00:01]} 15. a4 {[%emt 0:00:01]} b6 {[%emt 0:00:02]} 16. f5 {[%emt 0:00:01]} g5 {[%emt 0:00:01]} 17. h3 {[%emt 0:00:02]} g4 {[%emt 0:00:01]} 18. h4 {[%emt 0:00:01]} Nf8 {[%emt 0:00:04]} 19. Qe2 {[%emt 0:00:01]} N8h7 {[%emt 0:00:01]} 20. Qe3 {[%emt 0:00:00]} Kf8 {[%emt 0:00:01]} 21. Ba3 {[%emt 0:00:02]} Bd7 {[%emt 0:00:01]} 22. b4 {[%emt 0:00:00]} cxb4 {[%emt 0:00:01]} 23. Bxb4 {[%emt 0:00:00]} Rc8 {[%emt 0:00:01]} 24. Rab1 {[%emt 0:00:02]} Kg7 {[%emt 0:00:01]} 25. Ra1 {[%emt 0:00:02]} Rb8 {[%emt 0:00:01]} 26. a5 {[%emt 0:00:01]} b5 {[%emt 0:00:01]} 27. cxb5 {[%emt 0:00:01]} Bxb5 {[%emt 0:00:00]} 28. Nxb5 {[%emt 0:00:01]} axb5 {[%emt 0:00:00]} 29. Rfc1 {[%emt 0:00:01]} Qb7 {[%emt 0:00:01]} 30. a6 {[%emt 0:00:01]} Qb6 {[%emt 0:00:01]} 31. Qxb6 {[%emt 0:00:03]} Rxb6 {[%emt 0:00:00]} 32. a7 {[%emt 0:00:00]} Ra8 {[%emt 0:00:02]} 33. Rc7 {[%emt 0:00:01]} Bd8 {[%emt 0:00:02]} 34. Rc6 {[%emt 0:00:02]} Rb7 {[%emt 0:00:01]} 35. Rca6 {[%emt 0:00:02]} Bb6+ {[%emt 0:00:02]} 36. Kh2 {[%emt 0:00:02]} Raxa7 {[%emt 0:00:01]} 37. Rxa7 {[%emt 0:00:02]} Bxa7 {[%emt 0:00:00]} 38. Bf1 {[%emt 0:00:01]} Bc5 {[%emt 0:00:01]} 39. Ba5 {[%emt 0:00:02]} b4 {[%emt 0:00:01]} 40. Nb3 {[%emt 0:00:01]} Nd7 {[%emt 0:00:03]} 41. Rb1 {[%emt 0:00:01]} Nhf8 {[%emt 0:00:01]} 42. Bc4 {[%emt 0:00:01]} f6 {[%emt 0:00:01]} 43. Bd8 {[%emt 0:00:03]} Kf7 {[%emt 0:00:01]} 44. Ba5 {[%emt 0:00:01]} Ra7 {[%emt 0:00:01]} 45. Nxc5 {[%emt 0:00:01]} dxc5 {[%emt 0:00:02]} 46. Bd8 {[%emt 0:00:02]} Ra3 {[%emt 0:00:02]} 47. Bb5 {[%emt 0:00:02]} Rc3 {[%emt 0:00:02]} 48. d6 {[%emt 0:00:01]} Ke8 {[%emt 0:00:01]} 49. Bc7 {[%emt 0:00:01]} Kf7 {[%emt 0:00:01]} 50. Kg2 {[%emt 0:00:01]} c4 {[%emt 0:00:01]} 51. Kf2 {[%emt 0:00:00]} b3 {[%emt 0:00:01]} 52. Bxc4+ {[%emt 0:00:01]} Rxc4 {[%emt 0:00:01]} 53. Rxb3 {[%emt 0:00:00]} Rc6 {[%emt 0:00:01]} 54. Ke3 {[%emt 0:00:01]} Nc5 {[%emt 0:00:00]} 55. Bb8 {[%emt 0:00:00]} Rxd6 {[%emt 0:00:02]} 56. Rc3 {[%emt 0:00:00]} Rc6 {[%emt 0:00:01]} 57. Rxc5 {[%emt 0:00:01]} Rxc5 {[%emt 0:00:00]} 58. Bxe5 {[%emt 0:00:00]} Rc6 {[%emt 0:00:00]} 59. Bc3 {[%emt 0:00:00]} Nd7 {[%emt 0:00:00]} 60. Bd4 {[%emt 0:00:00]} Nb6 {[%emt 0:00:00]} 61. Kd3 {[%emt 0:00:00]} Nc4 {[%emt 0:00:00]} 62. Bc3 {[%emt 0:00:00]} Nd6 {[%emt 0:00:00]} 63. Bd4 {[%emt 0:00:00]} Nb5 {[%emt 0:00:00]} 64. e5 {[%emt 0:00:00]} Nxd4 {[%emt 0:00:00]} 65. e6+ {[%emt 0:00:00]} Ke7 {[%emt 0:00:01]} 66. Kxd4 {[%emt 0:00:00] Tempo (Lag: Av=0.39s, max=0.8s)} 1-0

[Event "Stay Safe Play From Home 278"]
[Site "Emanuel Lasker Arena"]
[Date "2020.07.05"]
[Round "3"]
[White "NeatFox"]
[Black "Yashjain14"]
[Result "1-0"]
[WhiteElo "1986"]
[BlackElo "1620"]
[Annotator "NA"]
[PlyCount "51"]
[EventDate "2020.07.05"]
[EventType "swiss (blitz)"]

1. g4 {[%emt 0:00:00]} e5 {[%emt 0:00:01]} 2. Bg2 {[%emt 0:00:00]} Nc6 {[%emt 0:00:02]} 3. c4 {[%emt 0:00:00]} f6 {[%emt 0:00:01]} 4. Qb3 {[%emt 0:00:00]} Nge7 {[%emt 0:00:01]} 5. d3 {[%emt 0:00:01]} g6 {[%emt 0:00:03]} 6. h3 {[%emt 0:00:02]} Bg7 {[%emt 0:00:00]} 7. Nc3 {[%emt 0:00:01]} O-O {[%emt 0:00:02]} 8. Nd5 {[%emt 0:00:01]} Nxd5 {[%emt 0:00:03]} 9. Bxd5+ {[%emt 0:00:00]} Kh8 {[%emt 0:00:02]} 10. h4 {[%emt 0:00:02]} Nd4 {[%emt 0:00:01]} 11. Qd1 {[%emt 0:00:01]} c6 {[%emt 0:00:02]} 12. Bg2 {[%emt 0:00:01]} d5 {[%emt 0:00:02]} 13. g5 {[%emt 0:00:01]} fxg5 {[%emt 0:00:03]} 14. hxg5 {[%emt 0:00:00]} dxc4 {[%emt 0:00:03]} 15. dxc4 {[%emt 0:00:01]} Qa5+ {[%emt 0:00:02]} 16. Bd2 {[%emt 0:00:01]} Qb6 {[%emt 0:00:03]} 17. Nf3 {[%emt 0:00:02]} Nxf3+ {[%emt 0:00:08]} 18. Bxf3 {[%emt 0:00:00]} Qxb2 {[%emt 0:00:02]} 19. O-O {[%emt 0:00:08]} Qb6 {[%emt 0:00:02]} 20. Bg2 {[%emt 0:00:01]} Qc7 {[%emt 0:00:03]} 21. Be3 {[%emt 0:00:01]} Qd8 {[%emt 0:00:04]} 22. Rb1 {[%emt 0:00:01]} b6 {[%emt 0:00:03]} 23. Qxd8 {[%emt 0:00:01]} Rxd8 {[%emt 0:00:02]} 24. Rbd1 {[%emt 0:00:00]} c5 {[%emt 0:00:02]} 25. Rxd8+ {[%emt 0:00:01]} Bf8 {[%emt 0:00:03]} 26. Rxf8+ {[%emt 0:00:00] Time ' (Lag: Av=1.21s, max=3.1s)} 1-0

[Event "Stay Safe Play From Home 278"]
[Site "Emanuel Lasker Arena"]
[Date "2020.07.05"]
[Round "3"]
[White "Edmatuag"]
[Black "Lazieri3"]
[Result "0-1"]
[WhiteElo "1674"]
[BlackElo "2033"]
[PlyCount "66"]
[EventDate "2020.07.05"]
[EventType "swiss (blitz)"]

1. e4 {[%emt 0:00:02]} c6 {[%emt 0:00:00]} 2. Nf3 {[%emt 0:00:01]} d5 {[%emt 0:00:00]} 3. d3 {[%emt 0:00:01]} dxe4 {[%emt 0:00:01]} 4. Ne5 {[%emt 0:00:02]} exd3 {[%emt 0:00:01]} 5. Bxd3 {[%emt 0:00:00]} Nf6 {[%emt 0:00:01]} 6. Nc3 {[%emt 0:00:02]} Nbd7 {[%emt 0:00:01]} 7. Bf4 {[%emt 0:00:01]} Nxe5 {[%emt 0:00:01]} 8. Bxe5 {[%emt 0:00:01]} Bg4 {[%emt 0:00:01]} 9. f3 {[%emt 0:00:01]} Bh5 {[%emt 0:00:02]} 10. Qe2 {[%emt 0:00:01]} Bg6 {[%emt 0:00:01]} 11. O-O-O {[%emt 0:00:02]} Bxd3 {[%emt 0:00:01]} 12. Rxd3 {[%emt 0:00:01]} Qa5 {[%emt 0:00:01]} 13. Kb1 {[%emt 0:00:03]} Rd8 {[%emt 0:00:04]} 14. Rhd1 {[%emt 0:00:02]} Rxd3 {[%emt 0:00:01]} 15. Qxd3 {[%emt 0:00:03]} Nd5 {[%emt 0:00:06]} 16. Nxd5 {[%emt 0:00:03]} Qxd5 {[%emt 0:00:01]} 17. Qxd5 {[%emt 0:00:03]} cxd5 {[%emt 0:00:00]} 18. Rxd5 {[%emt 0:00:01]} e6 {[%emt 0:00:01]} 19. Rb5 {[%emt 0:00:03]} b6 {[%emt 0:00:01]} 20. Bb8 {[%emt 0:00:01]} Bc5 {[%emt 0:00:05]} 21. Bxa7 {[%emt 0:00:01]} Kd7 {[%emt 0:00:00]} 22. Bxb6 {[%emt 0:00:04]} Kc6 {[%emt 0:00:01]} 23. Rxc5+ {[%emt 0:00:01]} Kxb6 {[%emt 0:00:00]} 24. Rc3 {[%emt 0:00:02]} Rd8 {[%emt 0:00:01]} 25. Rd3 {[%emt 0:00:01]} Re8 {[%emt 0:00:01]} 26. a4 {[%emt 0:00:02]} e5 {[%emt 0:00:00]} 27. b4 {[%emt 0:00:01]} f5 {[%emt 0:00:01]} 28. Rd7 {[%emt 0:00:03]} e4 {[%emt 0:00:01]} 29. fxe4 {[%emt 0:00:02]} Rxe4 {[%emt 0:00:00]} 30. c3 {[%emt 0:00:03]} Re2 {[%emt 0:00:01]} 31. Rxg7 {[%emt 0:00:02]} Kc6 {[%emt 0:00:03]} 32. Rg3 {[%emt 0:00:02]} Kd5 {[%emt 0:00:00]} 33. Kc1 {[%emt 0:00:03]} Kc4 {[%emt 0:00:01] Time (Lag: Av=0.80s, max=1.4s)} 0-1

[Event "Stay Safe Play From Home 278"]
[Site "Emanuel Lasker Arena"]
[Date "2020.07.05"]
[Round "4"]
[White "Mepe_Nika"]
[Black "Broken sword"]
[Result "1-0"]
[WhiteElo "2353"]
[BlackElo "2490"]
[PlyCount "135"]
[EventDate "2020.07.05"]
[EventType "swiss (blitz)"]

1. c4 {[%emt 0:00:01]} Nf6 {[%emt 0:00:01]} 2. g3 {[%emt 0:00:00]} g6 {[%emt 0:00:00]} 3. Bg2 {[%emt 0:00:00]} Bg7 {[%emt 0:00:00]} 4. Nc3 {[%emt 0:00:00]} c6 {[%emt 0:00:00]} 5. d3 {[%emt 0:00:01]} d5 {[%emt 0:00:01]} 6. cxd5 {[%emt 0:00:01]} cxd5 {[%emt 0:00:00]} 7. Nf3 {[%emt 0:00:00]} Nc6 {[%emt 0:00:00]} 8. O-O {[%emt 0:00:00]} O-O {[%emt 0:00:00]} 9. Bd2 {[%emt 0:00:00]} Bg4 {[%emt 0:00:01]} 10. Qc1 {[%emt 0:00:01]} Bxf3 {[%emt 0:00:00]} 11. Bxf3 {[%emt 0:00:01]} e6 {[%emt 0:00:00]} 12. Bh6 {[%emt 0:00:01]} Rc8 {[%emt 0:00:01]} 13. Bxg7 {[%emt 0:00:01]} Kxg7 {[%emt 0:00:00]} 14. e3 {[%emt 0:00:01]} Ne5 {[%emt 0:00:02]} 15. Be2 {[%emt 0:00:01]} d4 {[%emt 0:00:01]} 16. exd4 {[%emt 0:00:01]} Qxd4 {[%emt 0:00:00]} 17. Qe3 {[%emt 0:00:01]} Nc6 {[%emt 0:00:02]} 18. Rfd1 {[%emt 0:00:01]} a6 {[%emt 0:00:01]} 19. a3 {[%emt 0:00:01]} Rfd8 {[%emt 0:00:02]} 20. Rac1 {[%emt 0:00:01]} Na5 {[%emt 0:00:02]} 21. Ne4 {[%emt 0:00:04]} Qxe3 {[%emt 0:00:03]} 22. fxe3 {[%emt 0:00:01]} Nxe4 {[%emt 0:00:00]} 23. dxe4 {[%emt 0:00:01]} Rxc1 {[%emt 0:00:01]} 24. Rxc1 {[%emt 0:00:00]} Rd7 {[%emt 0:00:00]} 25. Kf2 {[%emt 0:00:02]} b5 {[%emt 0:00:04]} 26. Rc8 {[%emt 0:00:01]} Nb7 {[%emt 0:00:01]} 27. Ra8 {[%emt 0:00:01]} Rd6 {[%emt 0:00:01]} 28. e5 {[%emt 0:00:02]} Rb6 {[%emt 0:00:00]} 29. Rb8 {[%emt 0:00:02]} b4 {[%emt 0:00:04]} 30. Bf3 {[%emt 0:00:01]} bxa3 {[%emt 0:00:01]} 31. bxa3 {[%emt 0:00:01]} Rb3 {[%emt 0:00:01]} 32. Rxb7 {[%emt 0:00:02]} Rxa3 {[%emt 0:00:01]} 33. Be2 {[%emt 0:00:00]} Ra5 {[%emt 0:00:02]} 34. Kf3 {[%emt 0:00:02]} Rxe5 {[%emt 0:00:01]} 35. Bxa6 {[%emt 0:00:00]} Rf5+ {[%emt 0:00:00]} 36. Ke2 {[%emt 0:00:01]} Rh5 {[%emt 0:00:01]} 37. h4 {[%emt 0:00:02]} Ra5 {[%emt 0:00:01]} 38. Bc4 {[%emt 0:00:03]} Ra4 {[%emt 0:00:01]} 39. Bxe6 {[%emt 0:00:01]} Kf6 {[%emt 0:00:00]} 40. Bxf7 {[%emt 0:00:01]} Ra2+ {[%emt 0:00:00]} 41. Kf3 {[%emt 0:00:01]} Ra1 {[%emt 0:00:01]} 42. Bd5 {[%emt 0:00:01]} h6 {[%emt 0:00:01]} 43. Rb6+ {[%emt 0:00:02]} Kg7 {[%emt 0:00:01]} 44. Be4 {[%emt 0:00:01]} g5 {[%emt 0:00:00]} 45. hxg5 {[%emt 0:00:01]} hxg5 {[%emt 0:00:00]} 46. Rg6+ {[%emt 0:00:01]} Kf7 {[%emt 0:00:00]} 47. Rxg5 {[%emt 0:00:00]} Kf6 {[%emt 0:00:00]} 48. Rf5+ {[%emt 0:00:01]} Ke6 {[%emt 0:00:00]} 49. Rf4 {[%emt 0:00:00]} Ke5 {[%emt 0:00:01]} 50. Bd3 {[%emt 0:00:01]} Rd1 {[%emt 0:00:02]} 51. Be2 {[%emt 0:00:01]} Rg1 {[%emt 0:00:01]} 52. g4 {[%emt 0:00:00]} Ke6 {[%emt 0:00:01]} 53. Rf5 {[%emt 0:00:00]} Ke7 {[%emt 0:00:01]} 54. Kf4 {[%emt 0:00:00]} Ke6 {[%emt 0:00:00]} 55. Bf3 {[%emt 0:00:00]} Rf1 {[%emt 0:00:01]} 56. e4 {[%emt 0:00:00]} Ke7 {[%emt 0:00:00]} 57. g5 {[%emt 0:00:00]} Ke6 {[%emt 0:00:00]} 58. Rf6+ {[%emt 0:00:00]} Ke7 {[%emt 0:00:01]} 59. e5 {[%emt 0:00:00]} Rg1 {[%emt 0:00:00]} 60. Kf5 {[%emt 0:00:01]} Ke8 {[%emt 0:00:00]} 61. g6 {[%emt 0:00:01]} Ke7 {[%emt 0:00:00]} 62. Rf7+ {[%emt 0:00:01]} Ke8 {[%emt 0:00:00]} 63. Kf6 {[%emt 0:00:00]} Rg3 {[%emt 0:00:01]} 64. Ke6 {[%emt 0:00:01]} Rxg6+ {[%emt 0:00:02]} 65. Rf6 {[%emt 0:00:00]} Rg3 {[%emt 0:00:01]} 66. Kd6 {[%emt 0:00:01]} Rg7 {[%emt 0:00:02]} 67. Bc6+ {[%emt 0:00:00]} Kd8 {[%emt 0:00:00]} 68. Rf8# {[%emt 0:00:00] (Lag: Av=0.45s, max=1.9s)} 1-0

[Event "Stay Safe Play From Home 278"]
[Site "Emanuel Lasker Arena"]
[Date "2020.07.05"]
[Round "4"]
[White "Rogan"]
[Black "Scorpio New"]
[Result "1/2-1/2"]
[WhiteElo "2241"]
[BlackElo "2149"]
[PlyCount "134"]
[EventDate "2020.07.05"]
[EventType "swiss (blitz)"]

1. d4 {[%emt 0:00:04]} d6 {[%emt 0:00:00]} 2. c3 {[%emt 0:00:01]} g6 {[%emt 0:00:00]} 3. Nf3 {[%emt 0:00:02]} Bg7 {[%emt 0:00:00]} 4. Bg5 {[%emt 0:00:02]} c6 {[%emt 0:00:00]} 5. e3 {[%emt 0:00:01]} Qc7 {[%emt 0:00:00]} 6. Bd3 {[%emt 0:00:01]} e5 {[%emt 0:00:00]} 7. dxe5 {[%emt 0:00:01]} dxe5 {[%emt 0:00:00]} 8. Nbd2 {[%emt 0:00:01]} Nf6 {[%emt 0:00:00]} 9. Ne4 {[%emt 0:00:01]} Nxe4 {[%emt 0:00:01]} 10. Bxe4 {[%emt 0:00:00]} Nd7 {[%emt 0:00:01]} 11. O-O {[%emt 0:00:03]} Nf6 {[%emt 0:00:01]} 12. Bxf6 {[%emt 0:00:01]} Bxf6 {[%emt 0:00:00]} 13. Qc2 {[%emt 0:00:03]} O-O {[%emt 0:00:02]} 14. Rad1 {[%emt 0:00:01]} Bg4 {[%emt 0:00:02]} 15. h3 {[%emt 0:00:01]} Be6 {[%emt 0:00:01]} 16. b3 {[%emt 0:00:01]} a5 {[%emt 0:00:01]} 17. c4 {[%emt 0:00:01]} a4 {[%emt 0:00:01]} 18. b4 {[%emt 0:00:01]} Be7 {[%emt 0:00:01]} 19. c5 {[%emt 0:00:02]} a3 {[%emt 0:00:02]} 20. Bd3 {[%emt 0:00:02]} Bf6 {[%emt 0:00:04]} 21. Bc4 {[%emt 0:00:01]} Qc8 {[%emt 0:00:01]} 22. Nd2 {[%emt 0:00:02]} Bxc4 {[%emt 0:00:02]} 23. Nxc4 {[%emt 0:00:01]} Qc7 {[%emt 0:00:02]} 24. Nd6 {[%emt 0:00:01]} e4 {[%emt 0:00:02]} 25. Rd2 {[%emt 0:00:02]} Bb2 {[%emt 0:00:01]} 26. Qxe4 {[%emt 0:00:03]} Rad8 {[%emt 0:00:03]} 27. Qc4 {[%emt 0:00:00]} Qe7 {[%emt 0:00:02]} 28. Rfd1 {[%emt 0:00:01]} Rd7 {[%emt 0:00:04]} 29. Ne4 {[%emt 0:00:03]} Rfd8 {[%emt 0:00:03]} 30. Rxd7 {[%emt 0:00:01]} Rxd7 {[%emt 0:00:00]} 31. Rxd7 {[%emt 0:00:00]} Qxd7 {[%emt 0:00:00]} 32. Nd6 {[%emt 0:00:00]} b6 {[%emt 0:00:01]} 33. Kf1 {[%emt 0:00:05]} bxc5 {[%emt 0:00:01]} 34. bxc5 {[%emt 0:00:00]} Kg7 {[%emt 0:00:01]} 35. Ke2 {[%emt 0:00:01]} h5 {[%emt 0:00:01]} 36. h4 {[%emt 0:00:01]} Qe7 {[%emt 0:00:01]} 37. g3 {[%emt 0:00:01]} Qd7 {[%emt 0:00:02]} 38. Qf4 {[%emt 0:00:02]} Qe6 {[%emt 0:00:02]} 39. Qc4 {[%emt 0:00:00]} Qxc4+ {[%emt 0:00:01]} 40. Nxc4 {[%emt 0:00:00]} Bf6 {[%emt 0:00:01]} 41. Kd3 {[%emt 0:00:00]} g5 {[%emt 0:00:00]} 42. Kc2 {[%emt 0:00:00]} gxh4 {[%emt 0:00:00]} 43. gxh4 {[%emt 0:00:00]} Bxh4 {[%emt 0:00:00]} 44. Nxa3 {[%emt 0:00:00]} Bxf2 {[%emt 0:00:00]} 45. Kd3 {[%emt 0:00:00]} h4 {[%emt 0:00:00]} 46. Ke4 {[%emt 0:00:00]} h3 {[%emt 0:00:00]} 47. Kf3 {[%emt 0:00:00]} Bg1 {[%emt 0:00:01]} 48. Nc4 {[%emt 0:00:01]} h2 {[%emt 0:00:00]} 49. Kg2 {[%emt 0:00:00]} Bxe3 {[%emt 0:00:01]} 50. Kh1 {[%emt 0:00:00]} Bxc5 {[%emt 0:00:01]} 51. Ne5 {[%emt 0:00:00]} Be7 {[%emt 0:00:01]} 52. Nxc6 {[%emt 0:00:00]} Kf6 {[%emt 0:00:00]} 53. Nd4 {[%emt 0:00:00]} Bd6 {[%emt 0:00:01]} 54. Nf3 {[%emt 0:00:00]} Ke6 {[%emt 0:00:01]} 55. Nxh2 {[%emt 0:00:00]} f5 {[%emt 0:00:00]} 56. Ng4 {[%emt 0:00:00]} Kd5 {[%emt 0:00:00]} 57. Nf2 {[%emt 0:00:00]} Bc7 {[%emt 0:00:00]} 58. Kg2 {[%emt 0:00:00]} Bb6 {[%emt 0:00:00]} 59. Nd3 {[%emt 0:00:00]} Kc6 {[%emt 0:00:00]} 60. Nf4 {[%emt 0:00:00]} Bc7 {[%emt 0:00:00]} 61. Ne6 {[%emt 0:00:00]} Kb7 {[%emt 0:00:00]} 62. Nxc7 {[%emt 0:00:01]} Kxc7 {[%emt 0:00:00]} 63. Kf3 {[%emt 0:00:00]} Kc6 {[%emt 0:00:00]} 64. Ke2 {[%emt 0:00:01]} Kb5 {[%emt 0:00:00]} 65. Kf3 {[%emt 0:00:00]} Ka4 {[%emt 0:00:00]} 66. Kf4 {[%emt 0:00:00]} Ka3 {[%emt 0:00:00]} 67. Kxf5 {[%emt 0:00:00]} Kxa2 {[%emt 0:00:00] (Lag: Av=0.32s, max=0.9s)} 1/2-1/2

[Event "Stay Safe Play From Home 278"]
[Site "Emanuel Lasker Arena"]
[Date "2020.07.05"]
[Round "4"]
[White "SoulofWolf"]
[Black "BrainThinker22"]
[Result "0-1"]
[WhiteElo "2173"]
[BlackElo "2405"]
[Annotator "NA"]
[PlyCount "44"]
[EventDate "2020.07.05"]
[EventType "swiss (blitz)"]

1. d4 {[%emt 0:00:00]} c5 {[%emt 0:00:01]} 2. c4 {[%emt 0:00:00]} cxd4 {[%emt 0:00:00]} 3. Nf3 {[%emt 0:00:01]} Nc6 {[%emt 0:00:00]} 4. Nxd4 {[%emt 0:00:01]} e5 {[%emt 0:00:00]} 5. Nc2 {[%emt 0:00:01]} Bc5 {[%emt 0:00:01]} 6. e3 {[%emt 0:00:01]} Nf6 {[%emt 0:00:01]} 7. Be2 {[%emt 0:00:00]} O-O {[%emt 0:00:01]} 8. O-O {[%emt 0:00:00]} d6 {[%emt 0:00:00]} 9. Nd2 {[%emt 0:00:00]} Bf5 {[%emt 0:00:00]} 10. a3 {[%emt 0:00:01]} a5 {[%emt 0:00:01]} 11. Ne1 {[%emt 0:00:01]} Re8 {[%emt 0:00:01]} 12. Ndf3 {[%emt 0:00:02]} e4 {[%emt 0:00:01]} 13. Nd4 {[%emt 0:00:01]} Nxd4 {[%emt 0:00:01]} 14. exd4 {[%emt 0:00:00]} Ba7 {[%emt 0:00:00]} 15. Be3 {[%emt 0:00:00]} h6 {[%emt 0:00:01]} 16. h3 {[%emt 0:00:00]} d5 {[%emt 0:00:00]} 17. c5 {[%emt 0:00:02]} Rc8 {[%emt 0:00:01]} 18. Nc2 {[%emt 0:00:01]} b6 {[%emt 0:00:01]} 19. b4 {[%emt 0:00:01]} axb4 {[%emt 0:00:00]} 20. axb4 {[%emt 0:00:00]} Bb8 {[%emt 0:00:01]} 21. Na3 {[%emt 0:00:01]} Qc7 {[%emt 0:00:01]} 22. Nb5 {[%emt 0:00:01]} Qh2# {[%emt 0:00:01] (Lag: Av=0.57s, max=0.8s)} 0-1

[Event "Stay Safe Play From Home 278"]
[Site "Emanuel Lasker Arena"]
[Date "2020.07.05"]
[Round "4"]
[White "Haxhi Baha"]
[Black "EL sanbary"]
[Result "0-1"]
[WhiteElo "2042"]
[BlackElo "1955"]
[PlyCount "64"]
[EventDate "2020.07.05"]
[EventType "swiss (blitz)"]

1. e4 {[%emt 0:00:01]} c5 {[%emt 0:00:01]} 2. Nf3 {[%emt 0:00:01]} g6 {[%emt 0:00:01]} 3. d4 {[%emt 0:00:01]} cxd4 {[%emt 0:00:01]} 4. Nxd4 {[%emt 0:00:00]} Bg7 {[%emt 0:00:00]} 5. Nc3 {[%emt 0:00:00]} Nc6 {[%emt 0:00:01]} 6. Be3 {[%emt 0:00:01]} Nf6 {[%emt 0:00:01]} 7. Be2 {[%emt 0:00:01]} O-O {[%emt 0:00:01]} 8. g4 {[%emt 0:00:01]} d5 {[%emt 0:00:01]} 9. Nxc6 {[%emt 0:00:01]} bxc6 {[%emt 0:00:02]} 10. e5 {[%emt 0:00:00]} Nd7 {[%emt 0:00:01]} 11. f4 {[%emt 0:00:01]} e6 {[%emt 0:00:01]} 12. g5 {[%emt 0:00:01]} c5 {[%emt 0:00:03]} 13. Bf2 {[%emt 0:00:03]} Bb7 {[%emt 0:00:01]} 14. O-O {[%emt 0:00:02]} d4 {[%emt 0:00:01]} 15. Nb5 {[%emt 0:00:02]} Qb6 {[%emt 0:00:01]} 16. b3 {[%emt 0:00:05]} Qc6 {[%emt 0:00:05]} 17. Bf3 {[%emt 0:00:12]} Qxf3 {[%emt 0:00:01]} 18. Qxf3 {[%emt 0:00:00]} Bxf3 {[%emt 0:00:01]} 19. Nd6 {[%emt 0:00:03]} Bd5 {[%emt 0:00:02]} 20. Rfd1 {[%emt 0:00:02]} Rfb8 {[%emt 0:00:01]} 21. Rac1 {[%emt 0:00:05]} Bf8 {[%emt 0:00:01]} 22. c3 {[%emt 0:00:04]} Bxd6 {[%emt 0:00:01]} 23. exd6 {[%emt 0:00:00]} dxc3 {[%emt 0:00:01]} 24. Rxc3 {[%emt 0:00:01]} Rc8 {[%emt 0:00:02]} 25. Rdc1 {[%emt 0:00:01]} a5 {[%emt 0:00:01]} 26. Bxc5 {[%emt 0:00:01]} Nxc5 {[%emt 0:00:01]} 27. Rxc5 {[%emt 0:00:00]} Rxc5 {[%emt 0:00:00]} 28. Rxc5 {[%emt 0:00:00]} a4 {[%emt 0:00:00]} 29. d7 {[%emt 0:00:01]} Bb7 {[%emt 0:00:06]} 30. Rc8+ {[%emt 0:00:02]} Bxc8 {[%emt 0:00:01]} 31. dxc8=Q+ {[%emt 0:00:04]} Rxc8 {[%emt 0:00:02]} 32. bxa4 {[%emt 0:00:00]} Rc2 {[%emt 0:00:01] Haxhi Baha resigns (Lag: Av=0.67s, max=1.1s)} 0-1

[Event "Stay Safe Play From Home 278"]
[Site "Emanuel Lasker Arena"]
[Date "2020.07.05"]
[Round "4"]
[White "The Next Contender"]
[Black "NeatFox"]
[Result "1-0"]
[WhiteElo "2030"]
[BlackElo "1989"]
[PlyCount "53"]
[EventDate "2020.07.05"]
[EventType "swiss (blitz)"]

1. d4 {[%emt 0:00:00]} d5 {[%emt 0:00:01]} 2. c4 {[%emt 0:00:00]} e6 {[%emt 0:00:00]} 3. Nf3 {[%emt 0:00:01]} dxc4 {[%emt 0:00:01]} 4. g3 {[%emt 0:00:01]} Nf6 {[%emt 0:00:00]} 5. Bg2 {[%emt 0:00:00]} Bd6 {[%emt 0:00:02]} 6. Nbd2 {[%emt 0:00:02]} c5 {[%emt 0:00:01]} 7. Nxc4 {[%emt 0:00:02]} cxd4 {[%emt 0:00:00]} 8. Nxd4 {[%emt 0:00:00]} Bc5 {[%emt 0:00:01]} 9. e3 {[%emt 0:00:08]} O-O {[%emt 0:00:01]} 10. O-O {[%emt 0:00:01]} Nc6 {[%emt 0:00:02]} 11. Nxc6 {[%emt 0:00:01]} bxc6 {[%emt 0:00:01]} 12. Bxc6 {[%emt 0:00:00]} Qxd1 {[%emt 0:00:01]} 13. Rxd1 {[%emt 0:00:00]} Rb8 {[%emt 0:00:01]} 14. b3 {[%emt 0:00:01]} Bb7 {[%emt 0:00:01]} 15. Bxb7 {[%emt 0:00:01]} Rxb7 {[%emt 0:00:00]} 16. Bb2 {[%emt 0:00:00]} Nd5 {[%emt 0:00:02]} 17. Rac1 {[%emt 0:00:02]} Be7 {[%emt 0:00:02]} 18. Ne5 {[%emt 0:00:01]} Bf6 {[%emt 0:00:01]} 19. Nc4 {[%emt 0:00:02]} Bxb2 {[%emt 0:00:02]} 20. Nxb2 {[%emt 0:00:00]} Rc7 {[%emt 0:00:02]} 21. Rxc7 {[%emt 0:00:02]} Nxc7 {[%emt 0:00:01]} 22. Rd7 {[%emt 0:00:00]} Nb5 {[%emt 0:00:01]} 23. a4 {[%emt 0:00:01]} Nc3 {[%emt 0:00:03]} 24. Rxa7 {[%emt 0:00:01]} Ne2+ {[%emt 0:00:01]} 25. Kg2 {[%emt 0:00:01]} Nc1 {[%emt 0:00:00]} 26. Rb7 {[%emt 0:00:01]} Rb8 {[%emt 0:00:00]} 27. Rxb8# {[%emt 0:00:01] (Lag: Av=0.41s, max=0.6s)} 1-0